000
00223nam a2200097Ia 4500
008
230915s9999 xx 000 0 und d
050
_a
HB 172.5 .S54
100
_a
SLAVIN,STEPHEN L.
245
0
_a
MACROECONOMICS
942
_c
BK
999
_c
74137
_d
74137